000 01125nam a22002537a 4500
001 9611
003 FISKH
005 20260126101127.0
008 260126b cb ||||| |||| 00| 0 eng d
020 _a9780575081406
040 _aFISKH
_beng
_cFISKH
_dFISKH
050 _aPS3618 .O8685 .N36
082 _a813.6
100 _aRothfuss, Patrick
_eAuthor
245 _aThe name of the wind /
_cPatrick Rothfuss
260 _aLondon :
_bGollancz ,
_c2007
300 _a661 pages :
_c20 cm
490 _aThe kingkiller chronicle :
_v1
520 _aThe tale of Kvothe, from his childhood in a troupe of traveling players to years spent as a near-feral orphan in a crime-riddled city to his daringly brazen yet successful bid to enter a difficult and dangerous school of magic. In these pages, you will come to know Kvothe as a notorious magician, an accomplished thief, a masterful musician, and an infamous assassin. But this book is so much more, for the story it tells reveals the truth behind Kvothe's legend.
650 _aAdventure
_vComing of age
650 _aDemons
_vDragons
942 _2ddc
_cBK
_n0
999 _c9611
_d9611